| 000 | 00971nam a2200205Ia 4500 | ||
|---|---|---|---|
| 001 | 4159 | ||
| 003 | GE_BSU | ||
| 008 | 181216s||||||||xx |||||||||||||| ||und|| | ||
| 040 | _cGE_BSU | ||
| 080 | _a39(479.22) | ||
| 245 | _aმასალები საქართველოს ეთნოგრაფიისათვის. XI. Материалы по этнографии. XI. | ||
| 245 | _bივ. ჯავახიშვილის სახ. ისტორიის, არქეოლოგიისა და ეთნოგრაფიის ინ–ტი. | ||
| 260 | _aთბილისი | ||
| 260 | _bსაქ. სსრ. მეცნ. აკად. გამ–ბა. | ||
| 260 | _c1960 | ||
| 300 | _a213 გვ. 26 სმ. | ||
| 541 | _h5 ლ. | ||
| 653 | _aმასალები საქართველოს ეთნოგრაფიისათვის. XI. Материалы по этнографии. XI. | ||
| 942 | _cBK | ||
| 999 |
_c38169 _d38169 |
||